Một số quy định pháp luật về thủ tục đăng ký ở Việt Nam
Sách giới thiệu một số qui định pháp luật về đăng ký giao dịch, đăng ký doanh nghiệp, tổ chức kinh tế, hộ khẩu, hộ tịch, đăng ký về nghề, sản phẩm, quyền tác giả, quyền sở hữu công nghiệp, đăng ký nhà đất...
محفوظ في:
| التنسيق: | كتاب |
|---|---|
| اللغة: | Undetermined |
| منشور في: |
Hà Nội
Lao Động
2001
|
| الموضوعات: | |
| الوسوم: |
إضافة وسم
لا توجد وسوم, كن أول من يضع وسما على هذه التسجيلة!
|
| Thư viện lưu trữ: | Trung tâm Học liệu Trường Đại học Cần Thơ |
|---|
| LEADER | 00948nam a2200205Ia 4500 | ||
|---|---|---|---|
| 001 | CTU_44272 | ||
| 008 | 210402s9999 xx 000 0 und d | ||
| 020 | |c 59000 | ||
| 082 | |a 352.84 | ||
| 082 | |b M458 | ||
| 245 | 0 | |a Một số quy định pháp luật về thủ tục đăng ký ở Việt Nam | |
| 245 | 0 | |c Trần Nam Trung (Sưu tầm tuyển chọn) | |
| 260 | |a Hà Nội | ||
| 260 | |b Lao Động | ||
| 260 | |c 2001 | ||
| 520 | |a Sách giới thiệu một số qui định pháp luật về đăng ký giao dịch, đăng ký doanh nghiệp, tổ chức kinh tế, hộ khẩu, hộ tịch, đăng ký về nghề, sản phẩm, quyền tác giả, quyền sở hữu công nghiệp, đăng ký nhà đất | ||
| 650 | |a Recording and registration | ||
| 650 | |z Vietnam | ||
| 904 | |i H.Mai | ||
| 980 | |a Trung tâm Học liệu Trường Đại học Cần Thơ | ||